| 000 | 00438nam a2200181Ia 4500 | ||
|---|---|---|---|
| 008 | 230524s9999 xx 000 0 und d | ||
| 020 | _a8187328126 | ||
| 082 |
_a621.3521 _bSAS |
||
| 100 | _aB.Sashikala | ||
| 245 | 0 | _aElectronic Devices and Circuits | |
| 250 | _a* | ||
| 260 |
_aCHENNAI _bScitech _c2003 |
||
| 300 | _a7.52+A4.26 | ||
| 500 | _aQuantity Number: 5 | ||
| 650 | _aElectronics | ||
| 700 | _aS.Poornachandra | ||
| 942 | _cBK | ||
| 999 |
_c9909 _d9909 |
||